Les télécommunications : ( télégraphe - téléphone - radio )

Shranjeno v:
Bibliografske podrobnosti
Glavni avtor: Laffay, Jean
Format: Knjiga
Jezik:Undetermined
Izdano: Paris Presses Universitaires de France 1949
Teme:
Oznake: Označite
Brez oznak, prvi označite!
Thư viện lưu trữ: Trung tâm Học liệu Trường Đại học Cần Thơ
LEADER 00546nam a2200193Ia 4500
001 CTU_83585
008 210402s9999 xx 000 0 und d
082 |a 621.38 
082 |b L163 
100 |a Laffay, Jean 
245 0 |a Les télécommunications : 
245 0 |b ( télégraphe - téléphone - radio ) 
245 0 |c Jean Laffay 
260 |a Paris 
260 |b Presses Universitaires de France 
260 |c 1949 
650 |a Telecommunication 
904 |i Qhieu(sửa) 
980 |a Trung tâm Học liệu Trường Đại học Cần Thơ